Closing Lines IV Quiz Stats

 Plays Quiz Updated Aug 3, 2016

Score 0/15 Timer 06:00
4 Plays Today
Line Movie % Correct
'Don Corleone.'The Godfather
90.3%
'They fought like warrior poets; they fought like Scotsmen, and won their freedom.'Braveheart
83.8%
'Kevin, what did you do to my room?'Home Alone
76.1%
'I’m too old for this...'Lethal Weapon
49.5%
'You're still here? It's over. Go home. Go.'Ferris Bueller's Day Off
44.4%
'Mein Führer! I can walk!'Dr. Strangelove or: How I Learned to Stop Worrying and Love the Bomb
44.2%
'Oh. No, it's not like that at all. He's my brother.'Star Wars Episode VI: Return of the Jedi
43.8%
'I'm not even going to swat that fly. I hope they are watching... they'll see. They'll see and they'll know, and they'll say, 'Why, she wouldn't even harm a fly...''Psycho
34.9%
Line Movie % Correct
'Say friend, ya got any more a that good sarsaparilla?'The Big Lebowski
27.1%
'It will be a love story. For she will be my heroine for all time. And her name will be Viola.'Shakespeare in Love
20.9%
'I was cured, all right!'A Clockwork Orange
17.5%
'...and he was fixin' to make a fire somewhere out there in all that dark and all that cold, and I knew that whenever I got there he would be there. And then I woke up...'No Country for Old Men
16.4%
'Hemingway once wrote, 'The world's a fine place and worth fighting for.' I agree with the second part.'Se7en
15.1%
'I'm finished.'There Will Be Blood
13.1%
'Ding, ding, ding, ding, ding, the bells are ringing. Ding, ding, ding, ding, ding.'Batman v Superman: Dawn of Justice
6.8%

You're not logged in!

Compare scores with friends on all Sporcle quizzes.
OR
Log In

Sporcle TV

Today on Sporcle TV


Watch our educational content, quiz creation guides, and fun videos on Sporcle TV.

Show Comments

Extras

Top Quizzes Today


Score Distribution

Your Account Isn't Verified!

In order to create a playlist on Sporcle, you need to verify the email address you used during registration. Go to your Sporcle Settings to finish the process.

Report this User

Report this user for behavior that violates our Community Guidelines.

Details: